Logos de Marques de A à Z. - Statistiques

Statistiques générales
  • Ce quiz a été pris 349 fois
  • Le résultat moyen est 19 sur 26
Statistiques - réponses
Par images Réponse % Correct
Apple
100%
Ford
98%
Coca-Cola
96%
Doritos
96%
H&M
96%
Instagram
96%
Esprit
95%
Lacoste
95%
Oasis
94%
Puma
94%
Samsung
92%
Gucci
91%
Nintendo
88%
Xbox
88%
Microsoft
87%
Zalando
78%
Warner Bros.
74%
BMW
68%
Timberland
66%
Volvo
64%
Reebok
62%
Kenzo
56%
Under Armour
43%
Jack & Jones
2%
Quito
2%
Yamamoto
1%
Aucun quiz correspondant
Distribution des résultats
% des personnes avec chaque résultat
Percentile par nombre de réponses
Votre historique - résultats
Vous n’avez pas pris ce quiz